000 00307nam a22001337a 4500
008 170620b xxu||||| |||| 00| 0 eng d
020 _a0300011717
041 _aeng
080 _a32
100 _a20
101 _aSHP
245 _aPOLITICAL ORDER IN CHANGING SOCIETIES
_cHUNTINGTON,S.P
942 _2udc
_cBK
999 _c18212
_d18212